• 首页
  • 本馆介绍
  • 公告通知
  • 最新文献
  • 馆藏检索
  • 电子资源
  • 读者导购
  • 参考咨询
  • 我的图书馆
  • 登录
  • 详细信息显示
  • 放入我的书架
  • 预约/预借图书
  • 作者相关作品
  • 分类相关作品
  • 丛书相关作品
  • 出版社相关作品

书目信息

  • 表格格式
  • 工作单格式
  • 卡片格式
题名:
水轮泵
    
 
作者: ;福建省机械研究所 编
分册:  
出版信息: 北京   机械工业出版社  1978
页数: 121页
开本: 19cm
丛书名: 农业机械化丛书
单 册:
中图分类: TH318
科图分类:
主题词: 农用泵:水轮泵 , 水轮泵:农用泵
电子资源:
ISBN:
000 00720nam2 2200253 45
001 0178002432
005 20060522151706.76
010    @dCNY0.30
091    @a15033.4492
100    @a19950731d1978 em y0chiy0121 ea
101 0  @achi
102    @aCN@b110000
105    @ay z 000yy
200 10 @a水轮泵@Ashui lun beng@f福建省机械研究所编@Ffu jian sheng ji xie yan jiu suo bian
210    @a北京@c机械工业出版社@d1978
215    @a121页@d19cm
225 2  @a农业机械化丛书
410  0 @120010@a农业机械化丛书
606    @a农用泵:水轮泵
606    @a水轮泵:农用泵
690    @aTH318@v3
711 02 @a福建省机械研究所@Afu jian sheng ji xie yan jiu suo@4编
801  0 @aCN@bTSSF@c20060522
905    @a10447@dTH318@e1
    
    水轮泵/福建省机械研究所编.-北京:机械工业出版社,1978
    121页;19cm.-(农业机械化丛书)
    
    
    ISBN :CNY0.30
    
●
相关链接 在E读中查询图书 在五车中查询图书 在当当中查询图书 在豆瓣中查询图书


正题名:水轮泵     索取号:TH318/1         预约/预借

序号 登录号 条形码 馆藏地/架位号 状态 备注
1 0002688   202362790   密集书库/ [索取号:TH318/1] 在馆    
2 0002689   202348977   密集书库/ [索取号:TH318/1] 在馆    
唐山师范学院图书馆 欢迎您!
大连网信软件有限公司© 版权所有